| 000 | 01285cam a22003614a 4500 | ||
|---|---|---|---|
| 001 | 7689611 | ||
| 003 | OSt | ||
| 005 | 20170105113044.0 | ||
| 006 | m d | ||
| 007 | cr n | ||
| 008 | 010809s2002 caua sb 001 0 eng d | ||
| 020 | _a0125507119 | ||
| 035 | _a(WaSeSS)ssj0000137268 | ||
| 040 |
_aDLC _cDLC _dDLC _dWaSeSS |
||
| 042 | _apcc | ||
| 050 | 4 |
_aR856 _b.P465 2002 |
|
| 050 | 4 | _aR856.P465 2002 | |
| 082 | 0 | 0 |
_a681/.761 _221 |
| 100 | 1 | _aPerez, Reinaldo. | |
| 210 | 1 | 0 | _aDesign of medical electronic devices |
| 245 | 1 | 0 |
_aDesign of medical electronic devices _h[electronic resource] / _cReinaldo Perez. |
| 260 |
_aSan Diego : _bAcademic Press, _cc2002. |
||
| 504 | _aIncludes bibliographical references and index. | ||
| 506 | _aLicense restrictions may limit access. | ||
| 650 | 0 | _aMedical instruments and apparatus. | |
| 650 | 0 | _aMedical electronics. | |
| 650 | 0 |
_aMedical electronics _xEquipment and supplies. |
|
| 650 | 0 |
_aMedical electronics _xTechnological innovations. |
|
| 773 | 0 | _tReferex Electronics and Electrical Engineering | |
| 856 | 4 | 0 |
_uhttp://www.columbia.edu/cgi-bin/cul/resolve?clio7689611 _zFull text available from Referex Electronics and Electrical Engineering |
| 910 | _aLibrary of Congress record | ||
| 942 |
_2ddc _cBK |
||
| 999 |
_c32332 _d32332 |
||